[Event "2. Solinger Karnevalsopen"]
[Site "Solingen"]
[Date "2011.03.06"]
[Round "4.34"]
[White "Stahnecker, Thomas"]
[Black "Falge, Rainer"]
[Result "1/2-1/2"]
[WhiteElo "1527"]
[BlackElo "1536"]
[PlyCount "78"]
[EventDate "2011.??.??"]

1. e4 d6 2. d4 g6 3. Nf3 Nf6 4. Nc3 Bg7 5. h3 c6 6. Be3 Qa5 7. Bd3 Na6 8. O-O
O-O 9. a3 Qd8 10. Qd2 e5 11. dxe5 dxe5 12. Bh6 Nc5 13. Bxg7 Kxg7 14. Rad1 Nxd3
15. Qxd3 Qa5 16. Rd2 Be6 17. Rfd1 Rad8 18. Qe3 Rxd2 19. Rxd2 Nd7 20. Ng5 Qd8
21. Nxe6+ fxe6 22. Qxa7 Rf7 23. Qxb7 Qf6 24. Qxc6 Qf4 25. Qd6 Nf6 26. Qd8 Nd5
27. Re2 Nxc3 28. bxc3 Qc1+ 29. Kh2 Qxa3 30. Qd3 Qe7 31. c4 Qc5 32. Rd2 Rxf2 33.
Qd7+ Kh6 34. Rxf2 Qxf2 35. Qd3 Qf4+ 36. Kg1 Qc1+ 37. Kf2 g5 38. c5 Qb2 39. c6
Qb6+ 1/2-1/2

[Event "2. Solinger Karnevalsopen"]
[Site "Solingen"]
[Date "2011.03.06"]
[Round "4.35"]
[White "Wolf, Wieland"]
[Black "Masalsky, Boris"]
[Result "0-1"]
[WhiteElo "1400"]
[BlackElo "1424"]
[PlyCount "72"]
[EventDate "2011.??.??"]

1. e4 c5 2. Nc3 Nc6 3. Nf3 d6 4. d4 cxd4 5. Nxd4 g6 6. Bc4 Bg7 7. Be3 Nf6 8.
O-O O-O 9. a3 Ng4 10. Nxc6 bxc6 11. Bd4 Ne5 12. Ba2 c5 13. Be3 Bb7 14. f3 Qc7
15. Nd5 Qd8 16. Bg5 Nc6 17. c3 h6 18. Bh4 Qd7 19. Qd2 Kh7 20. Rad1 f6 21. f4
Rab8 22. f5 g5 23. Bg3 Rfd8 24. Qe2 Ba8 25. b4 cxb4 26. axb4 Qb7 27. Qh5 Rf8
28. Qg6+ Kh8 29. Ne3 Ne5 30. Bxe5 fxe5 31. Bd5 Qb6 32. Rd3 Bxd5 33. exd5 e4 34.
Rd4 Rf6 35. Qh5 Rc8 36. c4 Qxd4 0-1

[Event "2. Solinger Karnevalsopen"]
[Site "Solingen"]
[Date "2011.03.06"]
[Round "4.36"]
[White "Brinkmann, Katharina"]
[Black "Rist, Kurt"]
[Result "0-1"]
[WhiteElo "1438"]
[BlackElo "1670"]
[PlyCount "77"]
[EventDate "2011.??.??"]

1. d4 f5 2. c4 Nf6 3. Nc3 e6 4. Bg5 Be7 5. e3 b6 6. Nf3 Bb7 7. Bd3 O-O 8. O-O
Qe8 9. Bxf6 Rxf6 10. d5 Na6 11. e4 Nc5 12. e5 Rg6 13. Bc2 Rg4 14. Qe2 Qg6 15.
g3 Qh5 16. b4 Rxc4 17. Qxc4 Qxf3 18. bxc5 exd5 19. Qf4 Qxc3 20. Qxf5 g6 21. Qd3
Qxc5 22. Bb3 c6 23. Kg2 a5 24. Qd2 a4 25. Bd1 Rf8 26. Bg4 d4 27. f4 Ba6 28.
Rfc1 Bc4 29. Re1 Bd5+ 30. Kh3 Rf5 31. Bxf5 gxf5 32. g4 fxg4+ 33. Kxg4 Qa3 34.
Qf2 h5+ 35. Kf5 Qh3+ 36. Kg6 Bf7+ 37. Kh6 Bf8+ 38. Kg5 Qg4+ 39. Kf6 0-1

[Event "2. Solinger Karnevalsopen"]
[Site "Solingen"]
[Date "2011.03.06"]
[Round "4.37"]
[White "Sloka, Andreas"]
[Black "Tanz, Manfred"]
[Result "1-0"]
[WhiteElo "1755"]
[BlackElo "1646"]
[PlyCount "109"]
[EventDate "2011.??.??"]

1. e4 c5 2. Nf3 Nc6 3. d4 cxd4 4. Nxd4 d6 5. Nc3 e5 6. Nf3 Nf6 7. h3 Be7 8. Bc4
h6 9. O-O O-O 10. Be3 Nh7 11. Nd5 Bg5 12. Nxg5 Nxg5 13. f3 Kh8 14. Qe2 f5 15.
exf5 Bxf5 16. Rad1 Be6 17. Nc3 Bxc4 18. Qxc4 Rc8 19. Qd5 Nf7 20. a3 b6 21. Rd3
Na5 22. b3 Nc6 23. Rfd1 Ne7 24. Qe6 Rc6 25. Qg4 Ng8 26. Qe4 Qd7 27. Qa4 Ne7 28.
Nb5 Nf5 29. c4 Nxe3 30. Rxe3 a5 31. Nc3 Rfc8 32. Red3 Qf5 33. Qb5 Qe6 34. Ne4
Kh7 35. Kh2 R8c7 36. Kh1 Kg6 37. Kg1 Ng5 38. Rxd6 Nxe4 39. Rxe6+ Rxe6 40. fxe4
Rf7 41. Rf1 Rc7 42. Rf5 Rce7 43. c5 bxc5 44. Qxc5 Kh7 45. Qxa5 g6 46. Rf1 Kg7
47. a4 Rf6 48. Rxf6 Kxf6 49. Qd8 h5 50. b4 Kf7 51. Qxe7+ Kxe7 52. b5 Kd7 53.
Kf2 Kc7 54. Kg3 Kd6 55. Kh4 1-0

[Event "2. Solinger Karnevalsopen"]
[Site "Solingen"]
[Date "2011.03.06"]
[Round "5.1"]
[White "Mladenov, Svetlin"]
[Black "Meijers, Viesturs"]
[Result "0-1"]
[WhiteElo "2440"]
[BlackElo "2493"]
[PlyCount "112"]
[EventDate "2011.??.??"]

1. e4 c5 2. Nf3 b6 3. d4 cxd4 4. Nxd4 Bb7 5. Nc3 a6 6. f4 d6 7. Bd3 Nd7 8. O-O
g6 9. a4 Bg7 10. Nf3 Ngf6 11. Qe1 Nc5 12. Bd2 O-O 13. b4 Nxd3 14. cxd3 Rc8 15.
Rc1 e6 16. Qh4 d5 17. e5 Ne4 18. Qe1 Nxd2 19. Qxd2 Qd7 20. Qe3 Rc6 21. Nd4 Rc7
22. Nde2 Rfc8 23. Qxb6 d4 24. Na2 Qd5 25. Rf2 Rc2 26. Rxc2 Rxc2 27. Nac1 Bf8
28. b5 Rd2 29. h3 Rd1+ 30. Kh2 Rf1 31. Qxb7 Qxb7 32. Rxf1 axb5 33. axb5 Qd5 34.
Ng3 Qxb5 35. Rf3 Qb2 36. Nce2 Bb4 37. h4 h6 38. Ng1 Bd2 39. Nf1 Bc1 40. Nh3 Qc2
41. Nf2 Kg7 42. Ng3 Be3 43. Nge4 Qc1 44. Kg3 Kf8 45. Kg4 Ke7 46. Kg3 Qe1 47.
Kg4 Kf8 48. Kg3 Kg7 49. Kg4 Bc1 50. Kg3 Ba3 51. Kg4 Be7 52. Rg3 Qa5 53. Rh3 h5+
54. Kg3 Qe1 55. Kh2 Qc1 56. g3 Qf1 0-1

[Event "2. Solinger Karnevalsopen"]
[Site "Solingen"]
[Date "2011.03.06"]
[Round "5.2"]
[White "Nagel, Bernhard"]
[Black "Schroeder, Jan-Christian"]
[Result "1/2-1/2"]
[WhiteElo "2264"]
[BlackElo "2144"]
[PlyCount "111"]
[EventDate "2011.??.??"]

1. Nf3 d5 2. d4 Nf6 3. c4 e6 4. Nc3 Be7 5. Bg5 h6 6. Bh4 O-O 7. e3 Ne4 8. Bxe7
Qxe7 9. Bd3 Nxc3 10. bxc3 dxc4 11. Bxc4 c5 12. O-O Nc6 13. a4 Rd8 14. Qe2 b6
15. Bb5 Bb7 16. Bxc6 Bxc6 17. Ne5 Qe8 18. Nxc6 Qxc6 19. Qb5 Qd5 20. Rfb1 Rac8
21. h3 cxd4 22. cxd4 Rc2 23. Rc1 Rxc1+ 24. Rxc1 Qxb5 25. axb5 Rd5 26. Rb1 e5
27. dxe5 Rxe5 28. Kf1 Kf8 29. Ke2 Rc5 30. Kd3 Ke7 31. Rb2 Ke6 32. Kd4 h5 33. e4
g6 34. h4 Kd6 35. f4 Ke6 36. g3 Kd6 37. Rb3 Ke6 38. Ke3 Rc1 39. Ra3 Rb1 40.
Rxa7 Rxb5 41. Rb7 Rb3+ 42. Kd4 Kf6 43. e5+ Ke6 44. Kc4 Rxg3 45. Rxb6+ Ke7 46.
Kd5 Rd3+ 47. Ke4 Rh3 48. Rb7+ Kf8 49. e6 fxe6 50. Ke5 Rxh4 51. Rb6 Kf7 52. Rb7+
Kg8 53. Rb6 Rh1 54. Kf6 Rg1 55. Rb8+ Kh7 56. Rb7+ 1/2-1/2

[Event "2. Solinger Karnevalsopen"]
[Site "Solingen"]
[Date "2011.03.06"]
[Round "5.3"]
[White "Philippe, Denis-Emmanuel"]
[Black "Harff, Marcel"]
[Result "1/2-1/2"]
[WhiteElo "2099"]
[BlackElo "2203"]
[PlyCount "88"]
[EventDate "2011.??.??"]

1. d4 Nf6 2. Nf3 e6 3. e3 c5 4. Bd3 Nc6 5. b3 b6 6. Bb2 cxd4 7. exd4 Bb7 8. a3
Be7 9. O-O O-O 10. Nbd2 Nd5 11. Re1 f5 12. c4 Nf4 13. Bf1 Bf6 14. g3 Ng6 15.
Bg2 Qc7 16. b4 Rae8 17. Qb3 Nd8 18. a4 Nf7 19. a5 b5 20. cxb5 Bd5 21. Qd3 Qb7
22. Nb3 d6 23. a6 Qa8 24. Na5 e5 25. dxe5 dxe5 26. Qa3 e4 27. Nd4 e3 28. Nac6
Bxg2 29. Kxg2 f4 30. fxe3 fxg3 31. hxg3 Re5 32. Qd3 Rg5 33. Rh1 Nd6 34. Qb3+
Rf7 35. Raf1 Nxb5 36. Rxf6 gxf6 37. Rxh7 Ne5 38. Rxf7 Nxf7 39. Qe6 Nbd6 40. e4
Qe8 41. Qxe8+ Nxe8 42. Nxa7 Nc7 43. b5 Nd6 44. Nac6 Ndxb5 1/2-1/2

[Event "2. Solinger Karnevalsopen"]
[Site "Solingen"]
[Date "2011.03.06"]
[Round "5.4"]
[White "Kuhn, Juergen"]
[Black "Helbig, Mark"]
[Result "1-0"]
[WhiteElo "2059"]
[BlackElo "2346"]
[PlyCount "100"]
[EventDate "2011.??.??"]

1. Nf3 d5 2. b3 Nf6 3. Bb2 Bf5 4. g3 e6 5. c4 h6 6. Bg2 c6 7. O-O Bd6 8. d3 O-O
9. Nbd2 Bh7 10. a3 Nbd7 11. b4 a5 12. Bc3 e5 13. Qb3 d4 14. Bb2 c5 15. bxa5 Re8
16. Rab1 Qxa5 17. Bc1 Ra7 18. Ne1 Qc7 19. Qc2 Kh8 20. Rb5 Nb8 21. Qb1 Nc6 22.
Nb3 Qe7 23. a4 Rxa4 24. Nxc5 Bxc5 25. Rxb7 Qd6 26. Qb5 Ra1 27. Bb2 Na7 28.
Qxe8+ Nxe8 29. Bxa1 Bg6 30. Nf3 Nc6 31. Nh4 Nd8 32. Nxg6+ fxg6 33. Rb3 Ne6 34.
Bb2 Nf6 35. Ra1 g5 36. Bh3 g4 37. Bg2 Ng5 38. Ra8+ Kh7 39. Bc1 Kg6 40. Bxg5
Kxg5 41. Rb5 Kg6 42. Rc8 Ba7 43. Rc6 Qe7 44. Ra6 Bc5 45. h4 gxh3 46. Bxh3 e4
47. dxe4 Qe5 48. Re6 Qg5 49. Bf5+ Kh5 50. Rxc5 Qd2 1-0

[Event "2. Solinger Karnevalsopen"]
[Site "Solingen"]
[Date "2011.03.06"]
[Round "5.5"]
[White "Goerke, Joachim"]
[Black "Stahnecker, Ludwig"]
[Result "1/2-1/2"]
[WhiteElo "2154"]
[BlackElo "2024"]
[PlyCount "56"]
[EventDate "2011.??.??"]

1. d4 d5 2. c4 e6 3. Nc3 c6 4. e3 Nf6 5. Nf3 Nbd7 6. a3 Bd6 7. c5 Bc7 8. b4 O-O
9. Be2 e5 10. dxe5 Nxe5 11. Bb2 Qe7 12. Nd4 Bg4 13. Qc2 Bxe2 14. Ncxe2 Nc4 15.
Nf5 Qe6 16. Bd4 Be5 17. O-O Ne4 18. Nfg3 f5 19. Nxe4 fxe4 20. Bxe5 Nxe5 21. Nd4
Qe7 22. Qe2 Rf6 23. f4 exf3 24. gxf3 Nc4 25. e4 Re8 26. Qd3 Ne5 27. Qb3 Nc4 28.
Qd3 Ne5 1/2-1/2

[Event "2. Solinger Karnevalsopen"]
[Site "Solingen"]
[Date "2011.03.06"]
[Round "5.6"]
[White "Zimmermann, Ulrich"]
[Black "Naundorf, Maik"]
[Result "1/2-1/2"]
[WhiteElo "2047"]
[BlackElo "2131"]
[PlyCount "97"]
[EventDate "2011.??.??"]

1. d4 Nf6 2. c4 c5 3. d5 b5 4. cxb5 a6 5. e3 g6 6. Nc3 Bg7 7. a4 O-O 8. Bc4 Bb7
9. Nf3 e6 10. bxa6 Nxa6 11. O-O Nb4 12. e4 exd5 13. exd5 Re8 14. Bg5 Ba6 15.
Bxa6 Rxa6 16. Qb3 h6 17. Bh4 Qa8 18. Rad1 d6 19. Bg3 Ne4 20. Rfe1 Nxg3 21.
Rxe8+ Qxe8 22. hxg3 Qd7 23. Qc4 Bxc3 24. bxc3 Qxa4 25. Rb1 Qa2 26. Qe4 Qc2 27.
Qe1 Nd3 28. Rb8+ Kg7 29. Qe8 Ra1+ 30. Kh2 g5 31. Qf8+ Kg6 32. Qxd6+ Kh5 33. g4+
Kxg4 34. Qg3+ Kh5 35. Qh3+ Kg6 36. Rg8+ Kh7 37. Rh8+ Kxh8 38. Qxh6+ Kg8 39.
Qxg5+ Kh7 40. Qf5+ Kg7 41. Qg5+ Kh7 42. Qh5+ Kg7 43. Qg5+ Kh7 44. Qh4+ Kg7 45.
Qg3+ Kf8 46. Qd6+ Kg7 47. Qg3+ Kf8 48. Qd6+ Kg7 49. Qg3+ 1/2-1/2

[Event "2. Solinger Karnevalsopen"]
[Site "Solingen"]
[Date "2011.03.06"]
[Round "5.7"]
[White "Richter, Gerald"]
[Black "Probst, Andreas"]
[Result "1/2-1/2"]
[WhiteElo "2131"]
[BlackElo "2046"]
[PlyCount "32"]
[EventDate "2011.??.??"]

1. d4 Nf6 2. c4 e6 3. Nf3 b6 4. g3 Bb7 5. Bg2 c5 6. d5 exd5 7. Nh4 g6 8. Nc3
Bg7 9. O-O O-O 10. Nxd5 Nxd5 11. Bxd5 Bxd5 12. Qxd5 Nc6 13. Rd1 Nd4 14. Rd2 Re8
15. e3 Nc6 16. a3 Na5 1/2-1/2

[Event "2. Solinger Karnevalsopen"]
[Site "Solingen"]
[Date "2011.03.06"]
[Round "5.8"]
[White "Hobusch, Jan"]
[Black "Turco, Alfonso"]
[Result "0-1"]
[WhiteElo "1892"]
[BlackElo "2071"]
[PlyCount "90"]
[EventDate "2011.??.??"]

1. d4 Nf6 2. Nf3 d6 3. Bf4 g6 4. e3 Bg7 5. h3 O-O 6. Be2 b6 7. O-O Bb7 8. Nbd2
Nbd7 9. c3 e6 10. a4 a6 11. a5 b5 12. Qc2 Qe7 13. Rfd1 c5 14. dxc5 Nxc5 15. Ne1
e5 16. Bg5 Qe6 17. Bxf6 Bxf6 18. Bg4 Qe7 19. e4 Bg5 20. Bf3 Rac8 21. Nd3 Ne6
22. Nb4 Nd4 23. Qd3 Bxd2 24. Rxd2 Nb3 25. Rad1 Nxd2 26. Rxd2 Rfd8 27. Bg4 Rc5
28. Bd1 Kg7 29. Bb3 Qg5 30. Bd5 Bxd5 31. Nxd5 Rc4 32. Nb6 Rxe4 33. Qxe4 Qxd2
34. Qb7 Qe1+ 35. Kh2 Qxf2 36. Qxa6 e4 37. Nd5 h5 38. Qb7 e3 39. Qb6 Re8 40. a6
h4 41. Qd4+ f6 42. Nc7 Qg3+ 43. Kh1 Re5 44. Qxd6 e2 45. Ne6+ Rxe6 0-1

[Event "2. Solinger Karnevalsopen"]
[Site "Solingen"]
[Date "2011.03.06"]
[Round "5.9"]
[White "Peters, Alex"]
[Black "Taeger, Torsten"]
[Result "1-0"]
[WhiteElo "2211"]
[BlackElo "2132"]
[PlyCount "69"]
[EventDate "2011.??.??"]

1. b3 e5 2. e3 d6 3. Bb2 Nf6 4. d4 Nc6 5. dxe5 Nxe5 6. Nf3 Nc6 7. c4 Be7 8. Be2
O-O 9. O-O Ne4 10. Nc3 Nxc3 11. Bxc3 Bf6 12. Qc2 Bxc3 13. Qxc3 Qe7 14. Rfd1 Bg4
15. h3 Bf5 16. Rac1 Rfd8 17. b4 h6 18. b5 Ne5 19. c5 Nxf3+ 20. Bxf3 Be4 21.
cxd6 cxd6 22. Bxe4 Qxe4 23. Rd4 Qe6 24. Rg4 f6 25. Rc4 Rd7 26. a4 Rad8 27. Qd4
b6 28. Rc8 Rxc8 29. Rxc8+ Kh7 30. Qd3+ g6 31. Qc3 Kg7 32. Qc6 Rf7 33. g3 Qg4
34. Qe8 Qd1+ 35. Kh2 1-0

[Event "2. Solinger Karnevalsopen"]
[Site "Solingen"]
[Date "2011.03.06"]
[Round "5.10"]
[White "Imcke, Patrick"]
[Black "Hantak, Adam"]
[Result "0-1"]
[WhiteElo "1796"]
[BlackElo "2198"]
[PlyCount "195"]
[EventDate "2011.??.??"]

1. e4 d6 2. d4 Nf6 3. Nc3 g6 4. Be3 a6 5. f3 b5 6. Qd2 Bb7 7. a3 Nc6 8. Nge2 e5
9. dxe5 Nxe5 10. Nf4 Bg7 11. Be2 h5 12. Rd1 h4 13. Ncd5 Qd7 14. Nxf6+ Bxf6 15.
Nd5 Bxd5 16. Qxd5 O-O 17. O-O Qc6 18. c3 Rfe8 19. Rd2 Rab8 20. Bd1 Qxd5 21.
Rxd5 Kg7 22. Bb3 Rb7 23. Rdd1 Nc4 24. Bc1 Rbb8 25. Rd3 Re7 26. Rf2 Ree8 27. Rf1
Kf8 28. Rd5 Nb6 29. Rd3 Re7 30. Be3 Nc4 31. Bh6+ Ke8 32. Bc1 Kd7 33. Rdd1 Kc6
34. Rfe1 Rbe8 35. Kf2 Nb6 36. Be3 Nc4 37. Bc1 Kb7 38. Re2 Kc6 39. Ree1 Rg8 40.
Re2 g5 41. h3 Be5 42. Bxc4 bxc4 43. Rd5 Kb6 44. Be3+ c5 45. Ke1 f6 46. Kd2 Kc6
47. Kc2 Rb7 48. Rd1 Rgb8 49. Bc1 Rb3 50. Rf2 Kd7 51. Rd5 Ke6 52. Re2 R8b6 53.
Rdd2 Bg3 54. Rd5 a5 55. Red2 Bf4 56. Re2 a4 57. Rf2 Rb8 58. Re2 R3b7 59. Rf2
Kf7 60. Kb1 Be5 61. Kc2 Kg6 62. Re2 Re8 63. Red2 Rf7 64. Re2 Re6 65. Re1 Rf8
66. Re2 Re7 67. Re1 Kf7 68. Re2 Ke6 69. Rd1 Rg8 70. Rdd2 Rf7 71. Rd1 Rff8 72.
Rdd2 Kd7 73. Rd1 Kc6 74. Rdd2 Rd8 75. Rd5 f5 76. Rd1 g4 77. exf5 gxh3 78. gxh3
Bg3 79. Re4 Rdf8 80. Rxc4 Rxf5 81. Rxa4 Rxf3 82. Rh1 Re8 83. Rg4 Re2+ 84. Bd2
Rff2 85. Rg6 Rh2 86. Rxh2 Rxh2 87. a4 Rxh3 88. Rh6 Rh1 89. Bg5 h3 90. a5 h2 91.
Bh4 Be5 92. a6 Ra1 93. Bd8 h1=Q 94. Rxh1 Rxh1 95. Be7 Ra1 96. Bg5 Rxa6 97. Bd2
Ra1 98. b3 0-1

[Event "2. Solinger Karnevalsopen"]
[Site "Solingen"]
[Date "2011.03.06"]
[Round "5.11"]
[White "Kuznetsov, Mark"]
[Black "Kuehn, Matthias"]
[Result "1-0"]
[WhiteElo "2147"]
[BlackElo "1949"]
[PlyCount "73"]
[EventDate "2011.??.??"]

1. f4 g6 2. e4 Bg7 3. Nf3 d6 4. d4 Nc6 5. d5 Nb8 6. Bc4 e5 7. fxe5 dxe5 8. O-O
h6 9. Be3 Qd6 10. Nc3 a6 11. a4 Ne7 12. Qd2 g5 13. Ne2 O-O 14. b4 b6 15. Ng3 f5
16. exf5 Bxf5 17. Bb3 Nd7 18. Rad1 Kh7 19. c4 Rad8 20. Rf2 Bg6 21. Rdf1 Rf6 22.
Bc2 e4 23. Nxe4 Bxe4 24. Bxe4+ Kg8 25. Nd4 Ne5 26. Rxf6 Bxf6 27. Ne6 Ng4 28. g3
Rd7 29. Bd4 Bxd4+ 30. Nxd4 Ng6 31. Qe2 N4e5 32. Bxg6 Nxg6 33. Qe8+ Nf8 34. Ne6
Qe7 35. Rxf8+ Qxf8 36. Qxf8+ Kh7 37. Nxg5+ 1-0

[Event "2. Solinger Karnevalsopen"]
[Site "Solingen"]
[Date "2011.03.06"]
[Round "5.12"]
[White "Hollender, Christoph"]
[Black "Flesch, Stefan"]
[Result "1/2-1/2"]
[WhiteElo "1832"]
[BlackElo "2103"]
[PlyCount "87"]
[EventDate "2011.??.??"]

1. d4 g6 2. c4 Bg7 3. Nf3 d6 4. Nc3 c6 5. e3 Nf6 6. Be2 O-O 7. O-O Nbd7 8. b3
a6 9. Bb2 b5 10. Qc2 Bb7 11. Nd2 b4 12. Nce4 a5 13. Bf3 Qc7 14. Nxf6+ Nxf6 15.
Ne4 Nxe4 16. Bxe4 Qd7 17. Bf3 d5 18. cxd5 cxd5 19. Rfc1 Rfc8 20. Qd2 e6 21. Be2
Bf8 22. Rxc8 Rxc8 23. Rc1 Bd6 24. Rxc8+ Qxc8 25. Qc1 Qb8 26. g3 f5 27. f4 h6
28. Qc2 Qe8 29. Bd3 Qc6 30. Qxc6 Bxc6 31. h4 g5 32. hxg5 hxg5 33. Kf2 gxf4 34.
gxf4 Be7 35. Kg3 Be8 36. Be2 Kh7 37. Bc1 Kh6 38. Bd2 Bh5 39. Bxh5 Kxh5 40. Kg2
Kg4 41. Be1 Bf6 42. Bg3 Bh4 43. Bxh4 Kxh4 44. Kh2 1/2-1/2

[Event "2. Solinger Karnevalsopen"]
[Site "Solingen"]
[Date "2011.03.06"]
[Round "5.13"]
[White "Fichtner, Ewald"]
[Black "Goldenstein, Arnd"]
[Result "1-0"]
[WhiteElo "1970"]
[BlackElo "2064"]
[PlyCount "72"]
[EventDate "2011.??.??"]

1. d4 Nf6 2. Nf3 d5 3. Bf4 c5 4. e3 Qb6 5. Nc3 Nc6 6. Nb5 e5 7. dxe5 a6 8. exf6
axb5 9. Qxd5 Be6 10. Qd2 Rd8 11. Qc1 gxf6 12. Be2 Bg7 13. O-O O-O 14. c3 Ne5
15. Qc2 Qa5 16. Bxe5 fxe5 17. Ng5 Rfe8 18. Qxh7+ Kf8 19. Nxe6+ Rxe6 20. Qc2 Qa4
21. Qxa4 bxa4 22. Rfd1 Red6 23. Rxd6 Rxd6 24. Rd1 Rb6 25. Rd2 e4 26. a3 Rb3 27.
Bd1 Bxc3 28. bxc3 Rxa3 29. c4 Rc3 30. Rc2 Rd3 31. Rc1 a3 32. g4 a2 33. Ra1 Rc3
34. Rxa2 Rxc4 35. Rc2 Rb4 36. Rxc5 b5 1-0

[Event "2. Solinger Karnevalsopen"]
[Site "Solingen"]
[Date "2011.03.06"]
[Round "5.14"]
[White "Dreier, Stefan"]
[Black "Wulfken, Christof"]
[Result "1/2-1/2"]
[WhiteElo "1898"]
[BlackElo "2046"]
[PlyCount "142"]
[EventDate "2011.??.??"]

1. e4 c5 2. c3 d6 3. d4 cxd4 4. cxd4 e6 5. Nf3 Nf6 6. Nc3 a6 7. Be2 Be7 8. O-O
O-O 9. Bg5 Nbd7 10. Rc1 b5 11. e5 Ne8 12. Bxe7 Qxe7 13. Ne4 Bb7 14. exd6 Nxd6
15. Nc5 Bd5 16. b3 Rfc8 17. a3 Ne4 18. b4 Nd6 19. Qd2 Nb6 20. Ra1 Nbc4 21. Qf4
Ra7 22. Rfc1 Rca8 23. Ne5 a5 24. Nxc4 Nxc4 25. Bxc4 Bxc4 26. Rxc4 bxc4 27. b5
e5 28. Qxe5 Qxe5 29. dxe5 Rb8 30. a4 Re7 31. f4 Rc8 32. Ne4 c3 33. Nd6 Rd8 34.
Rc1 f6 35. Nc4 Rd4 36. Nxa5 Rxa4 37. Nc6 Rb7 38. Rxc3 Rxb5 39. e6 Rb2 40. h3
Raa2 41. Rg3 Re2 42. f5 Kf8 43. Nb8 g6 44. Nd7+ Ke7 45. fxg6 hxg6 46. Rxg6 Kxe6
47. Nc5+ Kf7 48. Rg3 f5 49. Nd3 Kf6 50. Kh2 Red2 51. Nf4 Ke5 52. Rf3 Ra4 53.
Kg3 Re4 54. Ng6+ Kf6 55. Nf4 Kg5 56. h4+ Kf6 57. Nh5+ Ke5 58. Nf4 Rdd4 59. Nd3+
Kf6 60. Nf4 Ra4 61. h5 Ra8 62. Kh4 Rg8 63. g3 Re1 64. Kh3 Rg5 65. Kg2 Ra1 66.
Re3 Ra4 67. Kf3 Rd4 68. Re6+ Kf7 69. Re3 Rd1 70. Ke2 Rg1 71. Kf2 Rh1 1/2-1/2

[Event "2. Solinger Karnevalsopen"]
[Site "Solingen"]
[Date "2011.03.06"]
[Round "5.15"]
[White "Jakob, Matthias"]
[Black "Beil, Detlef"]
[Result "0-1"]
[WhiteElo "2003"]
[BlackElo "1996"]
[PlyCount "72"]
[EventDate "2011.??.??"]

1. e4 c5 2. Nf3 d6 3. d4 cxd4 4. Nxd4 Nf6 5. Nc3 a6 6. Bg5 e6 7. f4 Be7 8. Qf3
Qc7 9. O-O-O Nbd7 10. g4 h6 11. Bh4 b5 12. Bg2 Bb7 13. Qg3 Rc8 14. a3 e5 15.
Nf5 exf4 16. Qd3 Ne5 17. Nxd6+ Kf8 18. Qd4 Nc6 19. Qc5 g5 20. Qf5 Bxd6 21. Qxf6
Be5 22. Qf5 Nd4 23. Rxd4 Bxd4 24. Be1 Rd8 25. h4 Bc8 26. Nd5 Be3+ 27. Kb1 Bxf5
28. Nxc7 Rd1+ 29. Ka2 Bxg4 30. hxg5 Kg8 31. Ne8 Bd4 32. c3 Be5 33. Nf6+ Bxf6
34. gxf6 f3 35. Rg1 fxg2 36. Rxg2 h5 0-1

[Event "2. Solinger Karnevalsopen"]
[Site "Solingen"]
[Date "2011.03.06"]
[Round "5.16"]
[White "Bashylin, Seva"]
[Black "Ommer, Walter"]
[Result "0-1"]
[WhiteElo "1686"]
[BlackElo "2071"]
[PlyCount "86"]
[EventDate "2011.??.??"]

1. e4 e5 2. Nf3 Nc6 3. Bb5 Bc5 4. O-O d6 5. c3 a6 6. Ba4 b5 7. Bb3 Be6 8. Bxe6
fxe6 9. Qb3 Qe7 10. Re1 Nf6 11. Na3 O-O 12. Nb1 Kh8 13. d3 Nh5 14. Be3 Bxe3 15.
Rxe3 Nd8 16. d4 exd4 17. cxd4 Nf7 18. Nbd2 Nh6 19. h3 g5 20. Nh2 Nf4 21. Qd1 e5
22. d5 Ng8 23. Ndf1 h5 24. Ng3 Qf7 25. Nf3 Qf6 26. Rc1 g4 27. Nxh5 Nxh5 28.
hxg4 Nf4 29. Rxc7 Rac8 30. Rec3 Rxc7 31. Rxc7 Qg6 32. Nd2 Nf6 33. f3 Qg5 34.
Nf1 Rg8 35. Ne3 Nh3+ 36. gxh3 Qxe3+ 37. Kg2 Nh5 38. Qf1 Nf4+ 39. Kg3 Ng6 40.
Rf7 Rc8 41. Qf2 Qg5 42. Kh2 Qc1 43. Qg1 Rc2+ 0-1

[Event "2. Solinger Karnevalsopen"]
[Site "Solingen"]
[Date "2011.03.06"]
[Round "5.17"]
[White "Schmidt, Kai-Uwe"]
[Black "Poghoshyan, Tigran"]
[Result "1-0"]
[WhiteElo "2055"]
[BlackElo "1669"]
[PlyCount "55"]
[EventDate "2011.??.??"]

1. d4 Nf6 2. c4 g6 3. Nc3 d5 4. Nf3 Bg7 5. cxd5 Nxd5 6. e4 Nxc3 7. bxc3 c5 8.
Rb1 Nc6 9. d5 Bxc3+ 10. Bd2 Bxd2+ 11. Qxd2 Na5 12. Bb5+ Kf8 13. Qh6+ Kg8 14. h4
Qf8 15. Qd2 b6 16. h5 h6 17. hxg6 fxg6 18. Rd1 a6 19. Be2 Nb7 20. Qb2 b5 21. a4
b4 22. d6 Nxd6 23. Rxd6 e6 24. Qe5 Qe7 25. Bc4 Ra7 26. Rxe6 Bxe6 27. Bxe6+ Kh7
28. Ng5+ 1-0

[Event "2. Solinger Karnevalsopen"]
[Site "Solingen"]
[Date "2011.03.06"]
[Round "5.18"]
[White "Rieger, Isabelle"]
[Black "Metzing, Joachim"]
[Result "0-1"]
[WhiteElo "1372"]
[BlackElo "2005"]
[PlyCount "98"]
[EventDate "2011.??.??"]

1. d4 Nf6 2. c4 g6 3. Nc3 d5 4. Nf3 Bg7 5. g3 O-O 6. Bg2 dxc4 7. Ne5 c6 8. O-O
Ne8 9. Bf4 Nd6 10. a4 Na6 11. Rc1 Be6 12. e4 f6 13. Ng4 Nb4 14. d5 Bd7 15. Bxd6
exd6 16. dxc6 Bxc6 17. Nd5 Nd3 18. Rb1 Rc8 19. b3 Nc5 20. bxc4 Bxa4 21. Qc1 Bc6
22. Rd1 Bxd5 23. exd5 Qc7 24. Ne3 f5 25. Qa3 Rfe8 26. Re1 a6 27. Bf1 Re7 28.
Ng2 Rce8 29. Rxe7 Rxe7 30. Re1 Rxe1 31. Nxe1 Ne4 32. Qe3 Qc5 33. Qxc5 Nxc5 34.
Nd3 Ne4 35. f3 Nd2 36. Nf4 Nxf3+ 37. Kg2 Nd4 38. Bd3 Kf7 39. Kf2 Ke7 40. Ke3 a5
41. Ne2 Nb3 42. Bc2 Nc5 43. Kd2 Bb2 44. Nc3 Bxc3+ 45. Kxc3 Kf6 46. Kd4 a4 47.
h3 a3 48. Bb1 Nb3+ 49. Kc3 Nc1 0-1

[Event "2. Solinger Karnevalsopen"]
[Site "Solingen"]
[Date "2011.03.06"]
[Round "5.19"]
[White "Bondarchuk, Vadim"]
[Black "Yilmaz, Ahmet"]
[Result "1/2-1/2"]
[WhiteElo "1995"]
[BlackElo "1874"]
[PlyCount "120"]
[EventDate "2011.??.??"]

1. e4 e5 2. Nf3 Nc6 3. Bb5 a6 4. Ba4 Nf6 5. d4 exd4 6. O-O Be7 7. e5 Ne4 8.
Nxd4 Nc5 9. Bxc6 dxc6 10. Nc3 O-O 11. b3 f6 12. exf6 Bxf6 13. Be3 Ne6 14. Nde2
Qe7 15. Qd3 Bd7 16. Rfe1 Rad8 17. f4 b5 18. Rad1 Be8 19. Qe4 Bg6 20. Qxc6 Rxd1
21. Rxd1 Nxf4 22. Bxf4 Bxc3 23. Nxc3 Rxf4 24. h3 Rf8 25. Qd5+ Kh8 26. Qd2 h6
27. Kh1 Qc5 28. Qd4 Qxd4 29. Rxd4 Bxc2 30. Rd7 c5 31. Rc7 b4 32. Na4 Bb1 33.
Nxc5 Bxa2 34. Kh2 Re8 35. Rb7 Re5 36. Nd3 Rb5 37. Rxb5 axb5 38. Nc1 Bb1 39. Kg3
Kg8 40. Kf4 Kf7 41. Ke5 Bc2 42. g3 g5 43. Kd6 Kf6 44. Kd5 Bd1 45. Kd4 Kf5 46.
Ke3 h5 47. Kd4 h4 48. gxh4 gxh4 49. Ke3 Kg5 50. Ke4 Bc2+ 51. Kf3 Bf5 52. Ne2
Bxh3 53. Nd4 Bf1 54. Nc2 h3 55. Kg3 Bc4 56. Nxb4 Bxb3 57. Kxh3 Bc4 58. Kg3 Kf5
59. Kf3 Ke5 60. Ke3 Bf1 1/2-1/2

[Event "2. Solinger Karnevalsopen"]
[Site "Solingen"]
[Date "2011.03.06"]
[Round "5.20"]
[White "Shishkov, Mark"]
[Black "Schloeffel, Christian"]
[Result "1-0"]
[WhiteElo "1603"]
[BlackElo "1914"]
[PlyCount "117"]
[EventDate "2011.??.??"]

1. d4 Nf6 2. c4 e6 3. g3 Bb4+ 4. Bd2 Bxd2+ 5. Qxd2 O-O 6. Bg2 d5 7. Nf3 c5 8.
cxd5 Ne4 9. Qd3 exd5 10. Nc3 c4 11. Qc2 Bf5 12. Nh4 Nxc3 13. Nxf5 Nb5 14. Bxd5
Nxd4 15. Nxd4 Qxd5 16. Nf3 Nc6 17. O-O Rfe8 18. Rfd1 Qe4 19. Qxe4 Rxe4 20. Rd7
b5 21. Kf1 Rae8 22. e3 a5 23. a3 Rb8 24. Rxf7 Re6 25. Rd7 b4 26. axb4 axb4 27.
Rc1 c3 28. bxc3 b3 29. Nd4 b2 30. Rb1 Nxd4 31. Rxd4 Ra6 32. Ke2 Ra3 33. Kd2
Rbb3 34. Rb4 Rxc3 35. R1xb2 Rc5 36. Rb7 h6 37. h4 Rf5 38. Ke2 Kh7 39. R7b4 Rf7
40. Rf4 Re7 41. Kf3 g5 42. hxg5 hxg5 43. Rf5 Rg7 44. g4 Ra1 45. Kg2 Ra4 46. f3
Ra1 47. Re2 Kh6 48. e4 Rd7 49. Rc2 Rdd1 50. Rc6+ Kh7 51. Rxg5 Rg1+ 52. Kf2
Rgf1+ 53. Kg3 Ra3 54. Rf5 Kg7 55. Rcf6 Re3 56. Kh4 Rc3 57. Kg5 Rc7 58. e5 Re1
59. e6 1-0

[Event "2. Solinger Karnevalsopen"]
[Site "Solingen"]
[Date "2011.03.06"]
[Round "5.21"]
[White "Westermann, Walter"]
[Black "Reksten, Daniel"]
[Result "0-1"]
[WhiteElo "1861"]
[BlackElo "1761"]
[PlyCount "58"]
[EventDate "2011.??.??"]

1. e4 c6 2. d4 d5 3. e5 c5 4. Nf3 cxd4 5. Nxd4 Nc6 6. Bb5 Bd7 7. Bxc6 bxc6 8.
Nd2 e6 9. O-O c5 10. N4b3 a5 11. a4 Qb6 12. c4 Rb8 13. Ra3 Ne7 14. Qg4 Nf5 15.
Nf3 Be7 16. Bd2 d4 17. Bxa5 Qa6 18. Nfd2 O-O 19. Qe2 Rb7 20. g4 Nh4 21. Ne4
Rxb3 22. Rxb3 Qxa5 23. Rb7 Qxa4 24. Rc7 Rc8 25. b3 Qxb3 26. Rxd7 Ra8 27. Nd2
Qh3 28. Qe4 Ra3 29. Qh1 Qxg4+ 0-1